000 00687nam a2200253Ia 4500
003 OSt
005 20220924143708.0
006 a|||||r|||| 00| 0
007 ta
008 220923b |||||||| |||| 00| 0 urd d
020 _c10.00
024 _a309603
037 _cTextual
040 _aARTS
_cARTS
_burd
041 _2urd
_aurd
082 _aO168v224,N5, K2
100 _aWaliullah Habeebunnisa Begam
_9216608
245 0 _aRiyassat - e - mysore mein urdu ki nash - o - numa
260 _c1962
300 _a448p.
_ccm.
650 _aURDU LITERATURE
942 _hO168v224,N5, K2
_cTEXL
_2CC
999 _c455413
_d455413